Completa il Proverbio - Quiz n°2 - Statistics

Statistiche generali
  • Questo quiz è stato fatto 542 volte
  • Il punteggio medio è 11 su 15
Statistiche sulle risposte
Proverbio Parola mancante % Corretto
Tale padre, tale ___ Figlio
99%
Can che abbaia non _____ Morde
98%
I soldi non fanno la ______ Felicità
97%
A caval _____ non si guarda in bocca Donato
94%
A buon intenditor poche ______ Parole
93%
È inutile piangere sul ____ versato Latte
91%
Campa cavallo che l'___ cresce Erba
90%
Vedere per ______ Credere
86%
Batti il ____ finché è caldo Ferro
85%
Il ___ dice cornuto all'asino Bue
81%
Gioco di mano gioco di ______ Villano
76%
Finché c'è vita c'è _______ Speranza
75%
Del ____ di poi son piene le fosse Senno
34%
San Benedetto la ______ sotto il tetto Rondine
17%
Un bel tacer non fu mai _____ Scritto
17%
Nessun quiz corrispondente trovato
Distribuzione punteggi
Percentuale di utenti per punteggio
Percentile per numero di risposta
I tuoi punteggi nel tempo
Non hai fatto questo quiz